The complete essays and other writings of Ralph Waldo Emerson
Wedi'i Gadw mewn:
| Prif Awdur: | |
|---|---|
| Fformat: | Llyfr |
| Iaith: | Undetermined |
| Cyhoeddwyd: |
New York
The Modern library
1940
|
| Tagiau: |
Ychwanegu Tag
Dim Tagiau, Byddwch y cyntaf i dagio'r cofnod hwn!
|
| Thư viện lưu trữ: | Trung tâm Học liệu Trường Đại học Cần Thơ |
|---|
| LEADER | 00481nam a2200169Ia 4500 | ||
|---|---|---|---|
| 001 | CTU_89699 | ||
| 008 | 210402s9999 xx 000 0 und d | ||
| 082 | |a 814 | ||
| 082 | |b E53 | ||
| 100 | |a Emerson, Ralph Waldo | ||
| 245 | 4 | |a The complete essays and other writings of Ralph Waldo Emerson | |
| 245 | 0 | |c Ralph Waldo Emerson | |
| 260 | |a New York | ||
| 260 | |b The Modern library | ||
| 260 | |c 1940 | ||
| 904 | |i Nguyên | ||
| 980 | |a Trung tâm Học liệu Trường Đại học Cần Thơ | ||